| 000 | 00671nam a22002057a 4500 | ||
|---|---|---|---|
| 999 |
_c17878 _d17878 |
||
| 003 | AR-CdUCM | ||
| 008 | 190510b ||||| |||| 00| 0 spa d | ||
| 040 |
_aMUNICIPALIDAD PROVINCIAL DEL CUSCO _cBIBLIOTECA MUNICIPAL DEL CUSCO |
||
| 082 |
_26ed. _a690.03 / _bZ96 |
||
| 100 |
_aZurita Ruíz, José _938089 |
||
| 245 | _aDiccionario básico de la construcción / | ||
| 260 |
_aBarcelona : _bEdiciones CEAC, _c1963. |
||
| 300 |
_a236 páginas ; _bilustraciones, planos, _c22 cm. |
||
| 505 | _aContenido: Diccionario. | ||
| 650 |
_aConstrucción _94996 |
||
| 650 |
_aDiccionarios _95105 |
||
| 650 |
_aIngeniería _910043 |
||
| 942 |
_2ddc _cLIBROS |
||
| 945 |
_aachl _d2019-05-10 |
||